Library of the University of Algiers 3
Ibrahim Sultan Cheibout
شعار جامعة الجزائر 3
مكتبة جامعة الجزائر 3
إبراهيم سلطان شيبوط

الأساليب الكمية في مجال الأعمال / (رقم التسجيلة. 45412)

تفاصيل مارك
000 -LEADER
fixed length control field 01160nam a2200217Ia 4500
003 - CONTROL NUMBER IDENTIFIER
control field Ost
005 - DATE AND TIME OF LATEST TRANSACTION
control field 20260507075641.0
008 - FIXED-LENGTH DATA ELEMENTS--GENERAL INFORMATION
fixed length control field 260507s9999||||xx |||||||||||||| ||und||
040 ## - CATALOGING SOURCE
Transcribing agency fsecg
041 ## - LANGUAGE CODE
Language code of text/sound track or separate title ara
082 ## - DEWEY DECIMAL CLASSIFICATION NUMBER
Classification number 519.72
100 ## - MAIN ENTRY--PERSONAL NAME
Personal name السيد، اسماعيل
Relator term مؤلف
245 #0 - TITLE STATEMENT
Title الأساليب الكمية في مجال الأعمال /
Statement of responsibility, etc. اسماعيل السيد
260 ## - PUBLICATION, DISTRIBUTION, ETC.
Place of publication, distribution, etc. الإسكندرية:
Name of publisher, distributor, etc. الدار الجامعية,
Date of publication, distribution, etc. 2001
300 ## - PHYSICAL DESCRIPTION
Extent 405 صفحة؛
Other physical details إيضاحات ؛
Dimensions 24 سم
520 ## - SUMMARY, ETC.
Summary, etc. أساسيات تحليل القرار واتخاذه- شجرة القرارات ونظرية المنفعة- اتخاذ القرارات ذات المعايير- تحليل ماركوف- نظرية المباريات ذات المجموع الصفري- جدولة المشروعات- البرمجة الدينامكية - أسلوب البرمجة الخطية- تكوين وصياغة النموذج البرمجة الخطية وحلها باستخدام أسلوب السمبلكس
653 ## - INDEX TERM--UNCONTROLLED
Uncontrolled term اتخاذ القرارات
653 ## - INDEX TERM--UNCONTROLLED
Uncontrolled term الأعمال
653 ## - INDEX TERM--UNCONTROLLED
Uncontrolled term البرمجة الخطية
942 ## - ADDED ENTRY ELEMENTS (KOHA)
Koha item type كتب
المقتنيات
Withdrawn status Lost status Source of classification or shelving scheme Damaged status Not for loan Home library Current library Date acquired Serial enumeration / chronology Inventory number Total checkouts Full call number Barcode Date last seen Price effective from Koha item type
    Dewey Decimal Classification   NOT LOAN / إعارة داخلية مكتبة كلية العلوم الإقتصادية والعلوم التجارية وعلوم التسيير مكتبة كلية العلوم الإقتصادية والعلوم التجارية وعلوم التسيير 07/05/2026 الطابق الأرضي 922/1   أ/922ن1 922/1 07/05/2026 07/05/2026 كتب
    Dewey Decimal Classification   Available مكتبة كلية العلوم الإقتصادية والعلوم التجارية وعلوم التسيير مكتبة كلية العلوم الإقتصادية والعلوم التجارية وعلوم التسيير 07/05/2026 الطابق الثاني 922/2   أ/922ن2 922/2 07/05/2026 07/05/2026 كتب

موارد الويب المفتوحة


© University of Algiers 3 All Rights Reserved
|
Implemented by LECHELAH Riad